|
|
|
|
| LEADER |
00000nam0a2200000 4500 |
| 001 |
249736 |
| 005 |
20231101232511.0 |
| 010 |
|
|
|a 5746401757
|
| 035 |
|
|
|a (RuTPU)RU\TPU\book\271840
|
| 090 |
|
|
|a 249736
|
| 100 |
|
|
|a 20140207d1988 m y0rusy50 ca
|
| 101 |
0 |
|
|a rus
|
| 102 |
|
|
|a RU
|
| 105 |
|
|
|a a j 000zy
|
| 200 |
1 |
|
|a Практикум по математическому анализу: функции многих переменных
|e учебное пособие
|f Р. А. Александров
|
| 210 |
|
|
|a Казань
|c Изд-во Казанского ун-та
|d 1988
|
| 215 |
|
|
|a 149 с.
|c ил.
|
| 606 |
1 |
|
|a Математический анализ
|2 stltpush
|3 (RuTPU)RU\TPU\subj\41236
|9 61042
|
| 610 |
1 |
|
|a функции многих переменных
|
| 610 |
1 |
|
|a пределы
|
| 610 |
1 |
|
|a непрерывность
|
| 610 |
1 |
|
|a дифференцирование
|
| 610 |
1 |
|
|a производные
|
| 610 |
1 |
|
|a градиент
|
| 610 |
1 |
|
|a экстремумы
|
| 610 |
1 |
|
|a задачи
|
| 610 |
1 |
|
|a решения
|
| 610 |
1 |
|
|a учебные пособия
|
| 675 |
|
|
|a 517.(075.8)
|v 3
|
| 700 |
|
1 |
|a Александров
|b Р. А.
|g Родион Александрович
|
| 801 |
|
1 |
|a RU
|b 63413507
|c 20140207
|
| 801 |
|
2 |
|a RU
|b 63413507
|c 20200826
|g RCR
|
| 942 |
|
|
|c BK
|